000 01158nam a2200265Ia 4500
003 OSt
005 20220930094851.0
006 a|||||r|||| 00| 0
007 ta
008 220926b |||||||| |||| 00| 0 hin d
024 _a28351
037 _cTheses
040 _aCRL
_cCRL
_bhin
041 _2hin
_ahin
100 _aकौशिक, गिरीराज किशोरी
110 _aदिल्ली विश्वविद्यालय. कला संकाय. हिन्दी विभाग
245 0 _aहिन्दी काव्य में नखशिख - वर्णन
_b वीरगाथा काल से रीतिकाल पर्यन्त
246 _aHindī kāvya mean nakhashikh - varṇana: vīragāthā kāl se rītikāl paryanta
260 _c2004
300 _a369पृ0
_ap.
_ccm.
650 _aहिन्दी कविता
700 _aदिल्ली विश्वविद्यालय. कला संकाय. हिन्दी विभाग
942 _cDIS
_2CC
999 _c887811
_d887811